000
00303nam a22001337a 4500
008
181003b xxu||||| |||| 00| 0 eng d
020
_a
0471814776
041
_a
eng
080
_a
520
100
_a
42
101
_a
AST
245
_a
Seven Ideas that shook the Universe
_c
Spielberg,N
942
_2
udc
_c
BK
999
_c
48820
_d
48820